Normal view
MARC view
- Fox, Stuart Ira Graaff, Kent M.Van De
Entry Personal Name
001 - CONTROL NUMBER
- control field: 62166
003 - CONTROL NUMBER IDENTIFIER
- control field: NUST
005 - DATE AND TIME OF LATEST TRANSACTION
- control field: 20210628202904.0
008 - FIXED-LENGTH DATA ELEMENTS
- fixed length control field: 210628|| aca||aabn | a|a d
040 ## - CATALOGING SOURCE
- Original cataloging agency: NUST
- Transcribing agency: NUST
100 ## - HEADING--PERSONAL NAME
- Personal name: Fox, Stuart Ira Graaff, Kent M.Van De
670 ## - SOURCE DATA FOUND
- Source citation: Work cat.: (NUST): Fox, Stuart Ira Graaff, Kent M.Van De, Concepts of human anatomy and physiology, 1999
